000 00638nam a22002057a 4500
003 OSt
008 250814b |||||||| |||| 00| 0 eng d
020 _a9789390522255
082 _a632.9
_bA76I
100 _aArora, Ramesh.
245 _aIntroduction to Integrated Pest and Disease Management /
_cby Ramesh Arora and Sushma Sharma
260 _a.- Ludhiana
_b: Kalyani Publishers
_c, 2023
300 _a179p.
650 _aTechnology (Applied Sciences)
650 _aAgriculture and Related Technologies
650 _aIntegrated Pest Management
650 _aDisease Management
700 _aSharma, Sushma.
942 _2ddc
_cBK
_01
999 _c48739
_d48739